Fasihi simulizi : (Record no. 3865)

MARC details
000 -LEADER
fixed length control field 00583nam a22002052 4500
001 - CONTROL NUMBER
control field 0000019098
005 - DATE AND TIME OF LATEST TRANSACTION
control field 20151217145910.0
008 - FIXED-LENGTH DATA ELEMENTS--GENERAL INFORMATION
fixed length control field 100915s xx 000 0 eng d
020 ## - INTERNATIONAL STANDARD BOOK NUMBER
International Standard Book Number 996647253 :
040 ## - CATALOGING SOURCE
Original cataloging agency KABU
Transcribing agency KABU
100 1# - MAIN ENTRY--PERSONAL NAME
Personal name Ngure, Alex.
-- 0000178730
245 10 - TITLE STATEMENT
Title Fasihi simulizi :
Remainder of title kwa shule za sekondari /
Statement of responsibility, etc. Alex Ngure.
250 ## - EDITION STATEMENT
Edition statement 1st ed.
260 ## - PUBLICATION, DISTRIBUTION, ETC. (IMPRINT)
Place of publication, distribution, etc. Nairobi :
Name of publisher, distributor, etc. Phoenix,
Date of publication, distribution, etc. 2003.
300 ## - PHYSICAL DESCRIPTION
Extent xii, 204 p.
650 #0 - SUBJECT ADDED ENTRY--TOPICAL TERM
Topical term or geographic name as entry element Swahili language.
-- 0000178387
852 1# - LOCATION
-- p309 KES
908 ## - PUT COMMAND PARAMETER (RLIN)
Put command parameter 100915
950 ## - LOCAL HOLDINGS (RLIN)
-- 1
Holdings
Withdrawn status Lost status Source of classification or shelving scheme Not for loan Home library Current library Date acquired Total Checkouts Full call number Barcode Date last seen Price effective from Koha item type Total Renewals Date last checked out
    Library of Congress Classification   Kabarak, Main Campus Kabarak, Main Campus 17/12/2015   PL8704 .N48F3 2003 c. 3 23966 17/12/2015 17/12/2015 General Collection    
    Library of Congress Classification   Kabarak, Main Campus Kabarak, Main Campus 17/12/2015 16 PL8704 .N48F3 2003 c. 4 23967 26/03/2026 17/12/2015 General Collection 1 13/03/2026
    Library of Congress Classification   Kabarak, Main Campus Kabarak, Main Campus 17/12/2015 13 PL8704 .N48F3 2003 c. 2 23965 30/11/2021 17/12/2015 General Collection 1 13/03/2020
    Library of Congress Classification   Kabarak, Main Campus Kabarak, Main Campus 17/12/2015   PL8704 .N48F3 2003 c. 1 23964 17/12/2015 17/12/2015 Africana Collection    
Designed with assistance from East African Informatics Ltd